Visualizzazione normale
Vista MARC
- Mead Abigail
di Personal Name
Records bibliografici associati: 1
001 - CONTROL NUMBER
- control field: 23601
003 - CONTROL NUMBER IDENTIFIER
- control field: IT-RoPau
005 - DATE AND TIME OF LATEST TRANSACTION
- control field: 20140503095913.0
008 - FIXED-LENGTH DATA ELEMENTS
- fixed length control field: 140503|| aca||aabn | a|a d
040 ## - CATALOGING SOURCE
- Original cataloging agency: IT-RoPau
- Transcribing agency: IT-RoPau
100 ## - HEADING--PERSONAL NAME
- Personal name: Mead Abigail
670 ## - SOURCE DATA FOUND
- Source citation: Work cat.: (IT-RoPau)100710: Mead Abigail, Full Metal Jacket (Original Motion Picture Soundtrack)